|
|
|
|
| LEADER |
01069nam a2200289 a 4500 |
| 001 |
33320 |
| 003 |
BD-DhAAL |
| 005 |
20190217124800.0 |
| 008 |
180712r20011997enka b 001 0 eng |
| 999 |
|
|
|c 39695
|d 39695
|
| 010 |
|
|
|a 96034005
|
| 020 |
|
|
|a 0415144779
|
| 020 |
|
|
|a 0415144787 (pbk)
|
| 040 |
|
|
|a DLC
|c DLC
|d DLC
|d BD-DhAAL
|
| 050 |
0 |
0 |
|a NA2750
|b .U58 1997
|
| 082 |
0 |
0 |
|a 720.1
|2 20
|
| 100 |
1 |
|
|a Unwin, Simon,
|d 1952-
|9 26966
|
| 245 |
1 |
0 |
|a Analysing architecture /
|c Simon Unwin.
|
| 260 |
|
|
|a London ;
|a New York :
|b Routledge,
|c c1997 [reprinted 2001]
|
| 300 |
|
|
|a 208 pages :
|b illustrations ;
|c 29 cm.
|
| 504 |
|
|
|a Includes bibliographical references (pages [197]-202) and index.
|
| 526 |
|
|
|a ARC
|
| 541 |
|
|
|e 33321
|
| 650 |
|
0 |
|a Architectural design.
|9 26967
|
| 852 |
|
|
|a Department of Architecture
|c General Stacks
|
| 942 |
|
|
|2 ddc
|c BK
|
| 952 |
|
|
|0 0
|1 0
|2 ddc
|4 0
|6 720_100000000000000_UNW
|7 0
|9 63722
|a BRACUL
|b BRACUL
|c GEN
|d 2018-07-12
|l 2
|m 55
|o 720.1 UNW
|p 3010033321
|q 2026-05-20
|r 2025-11-09
|s 2025-11-09
|t 1
|w 2018-07-12
|y BK
|x Transferred from ARC to BRACUL on 28/12/2023
|